书目信息 |
| 题名: |
为孔子平反
|
|
| 作者: | 薛健 著 | |
| 分册: | ||
| 出版信息: | 北京 东方出版社 2016 |
|
| 页数: | 292页 | |
| 开本: | 23cm | |
| 丛书名: | ||
| 单 册: | ||
| 中图分类: | B262.5 | |
| 科图分类: | ||
| 主题词: | ||
| 电子资源: | ||
| ISBN: | 978-7-5060-8999-9 | |
| 000 | 00839nam0 22002411 450 | |
| 001 | 0102164918 | |
| 005 | 20170502164918.0 | |
| 010 | @a978-7-5060-8999-9@dCNY38.00 | |
| 100 | @a20161014d2016 em y0chiy50 ea | |
| 101 | 0 | @achi |
| 102 | @aCN@b110000 | |
| 105 | @ay z 000yy | |
| 106 | @ar | |
| 200 | 1 | @a为孔子平反@9wei kong zi ping fan@e南怀瑾的千古一裁@f薛健著 |
| 210 | @a北京@c东方出版社@d2016 | |
| 215 | @a292页@d23cm | |
| 330 | @a本书分为十四章,围绕南怀瑾及其所著《论语别裁》展开论说。是帮助读者读懂《论语》和《论语别裁》的重要、可靠读本。 | |
| 517 | 1 | @a南怀瑾的千古一裁@9nan huai jin de qian gu yi cai |
| 600 | 0 | @a南怀瑾@Anan huai jin@f(1917-2012)@x哲学思想@x研究 |
| 690 | @aB262.5@v5 | |
| 701 | 0 | @a薛健@9xue jian@c(高级建筑师,@f1960.1~)@4著 |
| 801 | 0 | @aCN@b百万庄@c20170308 |
| 905 | @b1002796-801@dB262.5@e89@f6 | |
| 为孔子平反:南怀瑾的千古一裁/薛健著 .-北京:东方出版社,2016 |
| 292页;23cm |
| ISBN 978-7-5060-8999-9:CNY38.00 |
| 本书分为十四章,围绕南怀瑾及其所著《论语别裁》展开论说。是帮助读者读懂《论语》和《论语别裁》的重要、可靠读本。 |
| ● |
| 相关链接 |
|
|
|
|
正题名:为孔子平反
索取号:B262.5/89
 
预约/预借
| 序号 | 登录号 | 条形码 | 馆藏地/架位号 | 状态 | 备注 |
| 1 | 1002796 | 210027969 | 第一样本阅览室/ [索取号:B262.5/89] | 在馆 | |
| 2 | 1002797 | 210027978 | 教育系资料室/ [索取号:B262.5/89] | 在馆 | |
| 3 | 1002798 | 210027987 | 教育系资料室/ [索取号:B262.5/89] | 在馆 | |
| 4 | 1002799 | 210027996 | 教育系资料室/ [索取号:B262.5/89] | 在馆 | |
| 5 | 1002800 | 210028003 | 第一借阅区/ [索取号:B262.5/89] | 在馆 | |
| 6 | 1002801 | 210028012 | 第一借阅区/ [索取号:B262.5/89] | 在馆 |